000 02129cam a22003253a 4500
001 883
005 20230828111857.0
008 030408t20032002nyua j 000 1 eng d
020 _a078073004997
040 _aWDG
_cWDG
_dOCLCQ
_dDLC
_beng
050 0 0 _aPZ7
082 _aFic
100 1 _aBaglio, Ben M.
245 1 0 _aLeaving the shallows /
_cBen M. Baglio ; illustrations by Judith Lawton.
260 _aNew York :
_bScholastic Inc.,
_c2003, 2002.
300 _a157 pages :
_billustrations ;
_c20 cm
490 0 _aDolphin diaries ;
500 _a"An Apple paperback."
505 _aR
520 _ahe McGrath's have sailed on from the Marquesas - where we last heard from Jody - and their next port of call is Hervey Bay on the coast of Queensland Jody and her family are all looking forward to seeing land again, and to spotting some of the many types of dolphin who swim in the waters off the bay. Jody's twin brothers are excited about the other marine life too: dugongs, rays, turtles and seabirds - Hervey Bay has something for everyone Based at a place called Ocean Point. Jody's parents are thrilled to see the dolphin sanctuary there - where the dolphins come and go as they want. Jody forms a special friendship with an Indo-Pacific dolphin called Mercury. But out on a coastal walk, she spots another tourist operation 'Golden Sands' - billed to be like Ocean Point, but clearly not meeting the same rigid safety regulations. There's litter everywhere, and tourists are encouraged to wade through water to feed the dolphins - which Jody knows only too well leads to disease, and sometimes death among the poor creatures Only when Mercury contracts pneumonia do the authorities take any notice, though, and only with Jody's help, do they put Golden Sands out of business, for good...
521 _a720
_bLexile
521 _aR
_bRaz-Plus
650 0 _aDolphins
_vFiction.
650 0 _aEcology
_vFiction.
655 7 _aChildren's stories.
_2lcsh
655 7 _aNature stories.
_2lcsh
700 1 _aLawton, Judith.
906 _a7
_bcbc
_ccopycat
_d2
_encip
_f20
_gy-genrareb
942 _2ddc
_cBK
_n0
999 _c883
_d883